Hunter x Hunter Characters (Slideshow) Quiz Stats

 Plays Quiz not verified by Sporcle

Score 0/50 Timer 10:00
4 Plays Today
% Correct
Gon Freecss
99.9%
Killua Zoldyck
98.7%
Kurapika
95.6%
Leorio Paradinight
95.1%
Ging Freecss
91.2%
Hisoka
85.5%
Isaac Netero
78.8%
Illumi Zoldyck
78.7%
Biscuit Krueger
78.5%
Kite
78%
Chrollo Lucilfer
75.8%
Meruem
73.9%
Wing
70.5%
Neferpitou
70.1%
Queen
69.2%
Knuckle Bine
65.9%
Feitan
64.4%
Hanzo
64.4%
Silva Zoldyck
63.5%
Palm Siberia
62.2%
Zeno Zoldyck
62.2%
Razor
61.1%
Shoot McMahon
59.9%
Zushi
59.2%
Uvogin
58.7%
% Correct
Nobunaga Hazama
58.1%
Genthru
55.7%
Morel Mackernasey
55.2%
Pakunoda
55%
Machi
54.1%
Ponzu
54.1%
Komugi
53.6%
Knov
53.3%
Cheetu
51.1%
Satotz
50.9%
Menthuthuyoupi
50.7%
Franklin
50.6%
Pokkle
50.5%
Phinxs
49.9%
Shalnark
49.2%
Colt
49.1%
Menchi
47.1%
Shaiapouf
46.3%
Shizuku
45.9%
Kortopi
43.6%
Ikalgo
43.3%
Leol
39.7%
Meleoron
39.2%
Welfin
38.5%
Bonolenov
35.7%

You're not logged in!

Compare scores with friends on all Sporcle quizzes.
OR
Log In

Show Comments

Extras

Top Quizzes Today


Score Distribution

Your Account Isn't Verified!

In order to create a playlist on Sporcle, you need to verify the email address you used during registration. Go to your Sporcle Settings to finish the process.

Report this User

Report this user for behavior that violates our Community Guidelines.

Details: